00582nam a22001937a 45000010005000000030009000050050017000140080041000310200015000720400028000870820016001151000022001312450059001532600042002123000046002545040051003006500015003517000022003663778BD-DhUAP20201205115554.0201108r1999 ii a b 001 0 eng d a020187878X aDLCcDLCdBD-DhUAPbEng00223a520 COS aHawking, Stephen. aThe cosmic perspective /cJeffrey Bennett ...[et al.]. aNew York : bWesley longman,c©1999. axxi, 698 pages :billustrations ;c28 cm. aIncludes bibliographical references and index. aAstronomy. aBennett, Jeffrey